000
00245nam a22000977a 4500
008
240902b |||||||| |||| 00| 0 eng d
020
_a
9788129103895
100
_a
Bond Ruskin
245
_a
The Rupa Book of Scary Stories
260
_a
New Delhi
_b
Rupa
999
_c
12647
_d
12647